[Event "TCh-RUS Blitz 2015"]
[Site "Sochi RUS"]
[Date "2015.05.10"]
[Round "5.2"]
[White "Najer, Evgeniy"]
[Black "Jobava, Baadur"]
[Result "0-1"]
[WhiteTitle "GM"]
[BlackTitle "GM"]
[WhiteElo "2663"]
[BlackElo "2699"]
[WhiteTeam "Our Heritage SHSM-1 (Moscow)"]
[BlackTeam "University (Belorechensk)"]
[WhiteFideId "4118987"]
[BlackFideId "13601520"]
[EventDate "2015.05.10"]

1. e4 e6 2. d4 d5 3. Nc3 dxe4 4. Nxe4 Bd7 5. Nf3 Bc6 6. Bd3 Nd7 7. Qe2 Ngf6 8.
Neg5 Bxf3 9. Nxf3 c6 10. O-O Bd6 11. c3 O-O 12. Bd2 Qc7 13. Rfe1 Bf4 14. Be3
Rfe8 15. g3 Bxe3 16. Qxe3 Rad8 17. Rad1 g6 18. Bc2 Kg7 19. Bb3 a5 20. Nd2 b5 21.
a3 a4 22. Ba2 Nb6 23. Qe5 Qxe5 24. dxe5 Nfd7 25. Nf3 Nc5 26. Rd4 Nd3 27. Rxd8
Rxd8 28. Rd1 Rd7 29. Rd2 Nxe5 30. Rxd7 Nxf3+ 31. Kg2 Nh4+ 32. gxh4 Nxd7 33. c4
Kf6 34. cxb5 cxb5 35. Kf3 Ke5 36. Ke3 Nb6 37. Kd3 Nd5 38. Bb1 h5 39. Bc2 Kd6 40.
Bd1 f5 41. Kd4 e5+ 42. Kd3 Kc5 43. Kd2 e4 44. Be2 f4 45. f3 e3+ 46. Kd3 Nf6 47.
Bf1 Kd5 48. Kc3 Kc5 49. Bd3 Nd5+ 50. Kc2 Ne7 51. Kc3 Nf5 52. Bxf5 gxf5 53. Kd3
b4 54. h3 Kb5 55. Kc2 Kc4 56. axb4 Kxb4 57. Kc1 Kb3 0-1

[Event "TCh-RUS Blitz 2015"]
[Site "Sochi RUS"]
[Date "2015.05.10"]
[Round "5.3"]
[White "Alekseev, Evgeny"]
[Black "Grachev, Boris"]
[Result "1-0"]
[WhiteTitle "GM"]
[BlackTitle "GM"]
[WhiteElo "2653"]
[BlackElo "2666"]
[WhiteTeam "University (Belorechensk)"]
[BlackTeam "Our Heritage SHSM-1 (Moscow)"]
[WhiteFideId "4138147"]
[BlackFideId "4129199"]
[EventDate "2015.05.10"]

1. e4 c5 2. Nf3 e6 3. d4 cxd4 4. Nxd4 Nc6 5. Nc3 a6 6. g3 Nxd4 7. Qxd4 b5 8. Bg2
Bb7 9. O-O Ne7 10. Bf4 Nc6 11. Qd2 f6 12. Rad1 Bc5 13. Bd6 Bxd6 14. Qxd6 Rc8 15.
Ne2 Qe7 16. Qd2 Ne5 17. b3 Qc5 18. Nd4 O-O 19. h3 Rfd8 20. Kh2 Nc6 21. Ne2 Ne7
22. c3 d5 23. Nf4 Kf7 24. Qe2 dxe4 25. Rxd8 Rxd8 26. Bxe4 Bxe4 27. Qxe4 Qf5 28.
Qb7 g5 29. Ng2 Rd2 30. Kg1 Rxa2 31. c4 bxc4 32. bxc4 Re2 33. Qxa6 Qxh3 34. c5
Rc2 35. Qb5 Qh5 36. Ne3 Qe2 37. Qd7 Rd2 38. Qa7 Ra2 39. Qb8 Nf5 40. Nxf5 exf5
41. c6 Rc2 42. c7 Qc4 43. Re1 Qxc7 44. Qe8+ Kg7 45. Re7+ Qxe7 46. Qxe7+ Kg6 47.
Qe8+ Kg7 48. Kg2 Rc7 49. Qd8 Rf7 50. Qd5 Kg6 51. Qa8 Kg7 52. Qc8 Re7 53. Qxf5
Re5 54. Qd7+ Kg6 55. Qd3+ Kg7 56. f4 Re7 57. Kf3 Rf7 58. Kg4 gxf4 59. gxf4 f5+
60. Kg5 h6+ 61. Kh5 Rf6 62. Qd7+ Rf7 63. Qe6 Rf6 64. Qe5 Kf7 65. Qc7+ Kg8 66.
Kh4 Rf7 67. Qe5 Kh7 68. Kh5 1-0

[Event "TCh-RUS Blitz 2015"]
[Site "Sochi RUS"]
[Date "2015.05.10"]
[Round "5.6"]
[White "Artemiev, Vladislav"]
[Black "Kiriakov, Petr"]
[Result "1/2-1/2"]
[WhiteTitle "GM"]
[BlackTitle "GM"]
[WhiteElo "2671"]
[BlackElo "2535"]
[WhiteTeam "Rook (Kazan)"]
[BlackTeam "56 parallel (Krasnoyarsk)"]
[WhiteFideId "24101605"]
[BlackFideId "4119231"]
[EventDate "2015.05.10"]

1. Nf3 e6 2. g3 Nf6 3. Bg2 d5 4. c4 Be7 5. d4 O-O 6. Qc2 c5 7. O-O cxd4 8. Nxd4
Nc6 9. Nxc6 bxc6 10. b3 a5 11. Nc3 Ba6 12. Rd1 Qb6 13. Be3 Qb4 14. Bd2 Qb8 15.
Na4 Bb4 16. Bg5 Be7 17. Rac1 Rc8 18. Qd2 Qb4 19. Qxb4 axb4 20. Nb6 dxc4 21. Nxa8
Rxa8 22. bxc4 Rc8 23. e4 h6 24. Bf4 g5 25. Bd6 Bxd6 26. Rxd6 Ng4 27. c5 Ne5 28.
Bf1 Bxf1 29. Kxf1 g4 30. Rd4 Ra8 31. Rc2 Ra4 32. Ke2 Kg7 33. Kd1 h5 34. Kc1 Ra3
35. Kb1 b3 36. axb3 Rxb3+ 37. Kc1 Ra3 38. Kb2 Rf3 39. Rcd2 Rf6 40. Re2 Rf3 41.
Kc2 h4 42. gxh4 Rh3 43. Rd6 Rxh4 44. Kd2 Rxh2 45. Ke3 Rh3+ 46. Kd2 Nc4+ 47. Kc2
Nxd6 48. cxd6 Kf8 49. e5 Rf3 50. Kd2 Ke8 51. Ke1 Kd7 52. Ra2 f6 53. Ra7+ Kd8 54.
Ra8+ Kd7 55. Ra7+ Kd8 56. Ra8+ Kd7 57. Ra7+ Kd8 1/2-1/2

[Event "TCh-RUS Blitz 2015"]
[Site "Sochi RUS"]
[Date "2015.05.10"]
[Round "5.7"]
[White "Zablotsky, Sergei"]
[Black "Timofeev, Artyom"]
[Result "1/2-1/2"]
[WhiteTitle "GM"]
[BlackTitle "GM"]
[WhiteElo "2525"]
[BlackElo "2534"]
[WhiteTeam "56 parallel (Krasnoyarsk)"]
[BlackTeam "Rook (Kazan)"]
[WhiteFideId "4131606"]
[BlackFideId "4140419"]
[EventDate "2015.05.10"]

1. Nf3 Nf6 2. g3 g6 3. Bg2 Bg7 4. c4 d5 5. cxd5 Nxd5 6. O-O c5 7. d4 cxd4 8.
Nxd4 O-O 9. Nb5 Be6 10. Nd4 Bc8 11. Nb5 Be6 12. Nd4 1/2-1/2

[Event "TCh-RUS Blitz 2015"]
[Site "Sochi RUS"]
[Date "2015.05.10"]
[Round "5.8"]
[White "Sharafiev, Azat"]
[Black "Mikhel, Vladislav"]
[Result "1-0"]
[WhiteTitle "IM"]
[BlackTitle "FM"]
[WhiteElo "2415"]
[BlackElo "2347"]
[WhiteTeam "Rook (Kazan)"]
[BlackTeam "56 parallel (Krasnoyarsk)"]
[WhiteFideId "4186214"]
[BlackFideId "4140435"]
[EventDate "2015.05.10"]

1. Nf3 d5 2. c4 e6 3. g3 Nf6 4. Bg2 Be7 5. O-O O-O 6. b3 b6 7. Bb2 Bb7 8. e3
Nbd7 9. Qe2 c5 10. d3 Qc7 11. Nbd2 Rfe8 12. Rac1 Bf8 13. h3 a5 14. a4 h6 15. Nb1
e5 16. cxd5 Nxd5 17. Nbd2 Rad8 18. Nc4 Nb4 19. Rfd1 g6 20. Bc3 Bg7 21. Bxb4 axb4
22. Nfd2 Bxg2 23. Kxg2 f5 24. e4 Nb8 25. Ne3 Nc6 26. Nf3 Nd4 27. Nxd4 exd4 28.
Nc4 Qb7 29. f3 h5 30. Rf1 Bh6 31. Rce1 Re7 32. Qd1 Rf8 33. Kh2 Ref7 34. exf5 Rf6
35. f4 h4 36. g4 g5 37. fxg5 Qc7+ 38. Kh1 Bxg5 39. Qf3 R8f7 40. Qd5 Kg7 41. Rf3
Bf4 42. Re6 Bg5 43. Ne5 Rxe6 44. Qxe6 Rf6 45. Qe8 Qd6 46. Kg2 Be3 47. Nc4 Qd5
48. Qe7+ Rf7 49. Qxh4 b5 50. axb5 Ra7 51. Nxe3 dxe3 52. Qg5+ Kh8 53. Qh6+ Kg8
54. Qe6+ Qxe6 55. fxe6 Ra2+ 56. Kg3 e2 57. Re3 Kf8 58. Kf2 Rb2 59. e7+ Ke8 60.
b6 1-0

[Event "TCh-RUS Blitz 2015"]
[Site "Sochi RUS"]
[Date "2015.05.10"]
[Round "5.9"]
[White "Zvjaginsev, Vadim"]
[Black "Sjugirov, Sanan"]
[Result "0-1"]
[WhiteTitle "GM"]
[BlackTitle "GM"]
[WhiteElo "2660"]
[BlackElo "2670"]
[WhiteTeam "SHSM-Our Heritage-2 (Moscow)"]
[BlackTeam "Lada (Samara region)"]
[WhiteFideId "4113403"]
[BlackFideId "4189302"]
[EventDate "2015.05.10"]

1. e4 c5 2. c3 Nf6 3. e5 Nd5 4. Nf3 e6 5. Bc4 d6 6. d4 cxd4 7. cxd4 Be7 8. O-O
O-O 9. exd6 Bxd6 10. Nc3 Nc6 11. Re1 b6 12. a3 Nxc3 13. bxc3 Bb7 14. Bd3 h6 15.
Bc2 Ne7 16. Qd3 Ng6 17. Rxe6 fxe6 18. Qxg6 Qf6 19. Qh7+ Kf7 20. Ne5+ Bxe5 21.
dxe5 Qxe5 22. Be3 Ke7 23. h4 Qxc3 24. Rc1 Rh8 25. Qg6 Qf6 26. Qg3 Rac8 27. Bd2
Rhd8 28. Bb4+ Kf7 29. h5 Kg8 30. Qe3 Qg5 0-1

[Event "TCh-RUS Blitz 2015"]
[Site "Sochi RUS"]
[Date "2015.05.10"]
[Round "5.10"]
[White "Bukavshin, Ivan"]
[Black "Inarkiev, Ernesto"]
[Result "0-1"]
[WhiteTitle "GM"]
[BlackTitle "GM"]
[WhiteElo "2648"]
[BlackElo "2664"]
[WhiteTeam "Lada (Samara region)"]
[BlackTeam "SHSM-Our Heritage-2 (Moscow)"]
[WhiteFideId "4199758"]
[BlackFideId "4162722"]
[EventDate "2015.05.10"]

1. d4 Nf6 2. c4 e6 3. Nc3 d5 4. Nf3 Nbd7 5. Bg5 h6 6. Bh4 Be7 7. cxd5 Nxd5 8.
Bxe7 Qxe7 9. Rc1 Nxc3 10. Rxc3 c6 11. e4 e5 12. d5 Qb4 13. Qc2 cxd5 14. exd5 O-O
15. Bc4 e4 16. Nd2 Nf6 17. a3 Qd6 18. Nxe4 Re8 19. f3 Bf5 20. O-O Bxe4 21. fxe4
Nxe4 22. Rcf3 Rac8 23. Kh1 b5 24. Rxf7 Rxc4 25. Qd1 Qg6 26. Rxa7 Kh7 27. Raf7
Rd8 28. R7f5 Nf6 29. Qf3 Rc5 30. d6 Rxf5 31. Qxf5 Qxf5 32. Rxf5 Rxd6 33. h3 Rd5
34. Rf4 Nd7 35. a4 bxa4 36. Rxa4 Rb5 37. Rd4 Ne5 38. Re4 Nd3 39. Rd4 Nxb2 40.
Kh2 Rb3 41. Rd7 Nc4 42. Rd4 Ne5 43. Re4 Nd7 44. Rd4 Nf6 45. Rd2 Kg6 46. Ra2 h5
47. Ra4 Rb5 48. Rc4 Kf5 49. Rc7 g5 50. Ra7 h4 51. Rf7 Kg6 52. Ra7 Ne4 53. Ra6+
Kf5 54. Ra1 Ng3 55. Rb1 Re5 56. Re1 Nh5 57. Rg1 Re2 58. Kh1 Ke4 59. Ra1 Nf4 60.
Rg1 Ke3 61. g3 Nxh3 62. Ra1 Nf2+ 63. Kg2 Ne4+ 64. Kh3 hxg3 65. Ra3+ Kd4 66. Ra4+
Kd5 67. Ra5+ Kc4 68. Ra1 Rh2+ 69. Kg4 Rf2 70. Kh3 Rf4 71. Rd1 Nf2+ 0-1

[Event "TCh-RUS Blitz 2015"]
[Site "Sochi RUS"]
[Date "2015.05.10"]
[Round "5.11"]
[White "Popov, Ivan RUS"]
[Black "Frolyanov, Dmitry"]
[Result "1/2-1/2"]
[WhiteTitle "GM"]
[BlackTitle "GM"]
[WhiteElo "2648"]
[BlackElo "2569"]
[WhiteTeam "SHSM-Our Heritage-2 (Moscow)"]
[BlackTeam "Lada (Samara region)"]
[WhiteFideId "4170350"]
[BlackFideId "4151976"]
[EventDate "2015.05.10"]

1. e4 e5 2. Nf3 Nf6 3. Nc3 Nc6 4. Be2 d5 5. exd5 Nxd5 6. O-O Nxc3 7. bxc3 Bd6 8.
d4 e4 9. Ng5 Bf5 10. f3 exf3 11. Bxf3 Bg6 12. Re1+ Ne7 13. Bxb7 Rb8 14. Bc6+ Kf8
15. Bf3 Nf5 16. Ne4 Be7 17. Bf4 h5 18. Ng3 Nxg3 19. Bxg3 h4 20. Be5 Kg8 21. h3
Bd6 22. Qd2 Bxe5 23. Rxe5 Qf6 24. Rf1 Qd6 25. Qf4 Rh6 26. Be4 Rf8 27. Bxg6 Rxg6
28. Rf5 Qe7 29. c4 Qe2 30. Rf2 Qxc4 31. Qxh4 Rh6 32. Qf4 Qxa2 33. d5 f6 34. Qe4
Qb1+ 35. Kh2 Qb6 36. R5f4 Qd6 37. Kh1 Kh8 38. c4 Rb8 39. Rf1 Kg8 40. Qd4 Qe5 41.
Qxa7 Rb2 42. Qd4 Qxd4 43. Rxd4 Rg6 44. g4 Rc2 45. Kg1 Rc3 46. Kg2 Rh6 47. Rf3
Rxf3 48. Kxf3 Rxh3+ 49. Kf4 Kf7 50. c5 Rc3 51. d6 cxd6 52. cxd6 Rc8 53. g5 fxg5+
54. Kxg5 Rd8 55. Kf5 g6+ 56. Ke5 g5 57. Rd1 Ra8 58. Rf1+ Kg6 59. d7 g4 60. Ke6
Kg5 61. Rc1 Rd8 62. Ke7 Rxd7+ 63. Kxd7 g3 64. Ke6 Kf4 65. Rf1+ Ke3 66. Kf5 g2 1/2-1/2

[Event "TCh-RUS Blitz 2015"]
[Site "Sochi RUS"]
[Date "2015.05.10"]
[Round "5.12"]
[White "Predke, Alexandr"]
[Black "Potkin, Vladimir"]
[Result "1-0"]
[BlackTitle "GM"]
[WhiteElo "2533"]
[BlackElo "2599"]
[WhiteTeam "Lada (Samara region)"]
[BlackTeam "SHSM-Our Heritage-2 (Moscow)"]
[WhiteFideId "24107581"]
[BlackFideId "4131061"]
[EventDate "2015.05.10"]

1. e4 c5 2. Nf3 e6 3. d4 cxd4 4. Nxd4 Nc6 5. Nc3 Qc7 6. Be3 a6 7. Be2 b5 8. Nxc6
Qxc6 9. e5 Bb7 10. Bf3 Qc7 11. O-O Rc8 12. Bxb7 Qxb7 13. Qd3 f5 14. exf6 Nxf6
15. Bd4 Be7 16. Rfe1 O-O 17. Ne4 Nxe4 18. Rxe4 Bf6 19. Bxf6 Rxf6 20. c3 Rcf8 21.
f3 Rf4 22. Rxf4 Rxf4 23. Qe3 Rc4 24. Rd1 b4 25. Qd3 d5 26. Qe3 Rc6 27. c4 Qd7
28. cxd5 exd5 29. Rxd5 Rc1+ 30. Qxc1 Qxd5 31. Qc8+ Kf7 32. Qxa6 Qd4+ 33. Kf1
Qxb2 34. Qc4+ Kf6 35. h4 g6 36. Qc6+ Kg7 37. Qd7+ Kf6 38. Qd6+ Kf7 39. Qd5+ Kf6
40. Kg1 h5 41. Kf1 Qa1+ 42. Kf2 Qb2+ 43. Kf1 Ke7 44. Qc5+ Ke6 45. Qc4+ Ke7 46.
Kg1 Kd6 47. Kh2 Qe5+ 48. f4 Qb2 49. Kg1 Qa1+ 50. Kf2 Qb2+ 51. Kf3 Qd2 52. Qa6+
Kd5 53. Qb5+ Kd4 54. Qd7+ Kc3 55. Qxd2+ Kxd2 56. Ke4 Kc3 57. Kd5 Kb2 58. Kc4 Ka3
59. Kb5 b3 60. axb3 Kxb3 61. Kc5 Kc3 62. Kd5 Kd3 63. Ke5 Ke3 64. f5 gxf5 65.
Kxf5 1-0

[Event "TCh-RUS Blitz 2015"]
[Site "Sochi RUS"]
[Date "2015.05.10"]
[Round "5.13"]
[White "Potapov, Pavel"]
[Black "Chigaev, Maksim"]
[Result "0-1"]
[WhiteTitle "IM"]
[BlackTitle "IM"]
[WhiteElo "2477"]
[BlackElo "2496"]
[WhiteTeam "Yamal (YaNAO)"]
[BlackTeam "SDYUSSHOR Hilti (St. Petersburg)"]
[WhiteFideId "4169786"]
[BlackFideId "4108116"]
[EventDate "2015.05.10"]

1. e4 c6 2. d4 d5 3. e5 c5 4. dxc5 Nc6 5. Nf3 Bg4 6. Bb5 Qa5+ 7. Nc3 e6 8. Be3
Ne7 9. a3 O-O-O 10. b4 Bxf3 11. gxf3 Qc7 12. Bxc6 Nxc6 13. f4 a6 14. Ne2 g5 15.
Nd4 gxf4 16. Nxc6 Qxc6 17. Bxf4 d4 18. O-O h5 19. h4 Rg8+ 20. Bg5 Qe4 21. f4 d3
22. Re1 Qd4+ 23. Kh1 Rxg5 24. hxg5 Qxf4 25. cxd3 Qh4+ 26. Kg2 Qxg5+ 27. Kf3 Qf5+
28. Ke2 Qxe5+ 29. Kd2 Qb2+ 30. Ke3 Qd4+ 31. Ke2 Bh6 32. Rg1 Qe3+ 33. Kf1 Qf4+
34. Ke2 Rd5 35. Rg8+ Kc7 36. d4 Rxd4 37. Qxd4 Qxd4 38. Rd1 Qe4+ 39. Kf1 Qf3+ 40.
Ke1 Bg5 41. Rf8 Be7 42. Rg8 Bh4+ 43. Kd2 Qxa3 44. Kc2 Qa4+ 45. Kd2 Qxb4+ 46. Ke2
Qe4+ 47. Kd2 Bg5+ 48. Kc3 Qe3+ 49. Rd3 Qxc5+ 50. Kb3 Qb5+ 51. Kc2 Qf5 52. Kc3 h4
53. Rf8 Qc5+ 0-1

[Event "TCh-RUS Blitz 2015"]
[Site "Sochi RUS"]
[Date "2015.05.10"]
[Round "5.14"]
[White "Levin, Evgeny A."]
[Black "Belyakov, Bogdan"]
[Result "1/2-1/2"]
[WhiteTitle "GM"]
[BlackTitle "IM"]
[WhiteElo "2518"]
[BlackElo "2478"]
[WhiteTeam "SDYUSSHOR Hilti (St. Petersburg)"]
[BlackTeam "Yamal (YaNAO)"]
[WhiteFideId "4182596"]
[BlackFideId "24104795"]
[EventDate "2015.05.10"]

1. d4 Nf6 2. Nf3 g6 3. Bg5 Ne4 4. Bf4 Bg7 5. Nbd2 Nxd2 6. Qxd2 h6 7. c3 d6 8. h3
Nd7 9. e4 e5 10. dxe5 Nxe5 11. Be2 Be6 12. Nd4 Bc4 13. Bxc4 Nxc4 14. Qe2 Nb6 15.
O-O O-O 16. Rfe1 Re8 17. Qf3 Nc4 18. Re2 Ne5 19. Qg3 a6 20. Rae1 Qd7 21. Bc1 Nc6
22. Nf3 Ne5 23. Nd4 Nc6 24. Nxc6 Qxc6 25. Qh4 h5 26. Bg5 Re6 27. f3 Rae8 28. Qf2
Qa4 29. a3 Qc4 30. Bc1 f5 31. Kh1 fxe4 32. fxe4 Rxe4 33. Rxe4 Rxe4 34. Rxe4 Qxe4
35. Bf4 Qb1+ 36. Kh2 Qf5 37. Bg3 Qxf2 38. Bxf2 Be5+ 39. Kg1 Kf7 40. Kf1 Ke6 41.
Ke2 b5 42. Kd3 Bf4 43. b3 c6 44. Ke4 Bc1 45. a4 c5 46. c4 bxa4 47. bxa4 Bd2 48.
Bg1 Bc3 49. Bf2 Be5 50. g4 hxg4 51. hxg4 Bb2 52. Be1 Bc1 53. Bc3 Bg5 54. Ba5 Bf6
55. Bd2 Be5 56. Ba5 Kf6 57. Bd2 Ke6 58. Ba5 Bf6 1/2-1/2

[Event "TCh-RUS Blitz 2015"]
[Site "Sochi RUS"]
[Date "2015.05.10"]
[Round "5.15"]
[White "Goryachkina, Aleksandra"]
[Black "Usmanov, Vasily"]
[Result "1/2-1/2"]
[WhiteTitle "WGM"]
[BlackTitle "IM"]
[WhiteElo "2474"]
[BlackElo "2462"]
[WhiteTeam "Yamal (YaNAO)"]
[BlackTeam "SDYUSSHOR Hilti (St. Petersburg)"]
[WhiteFideId "4147103"]
[BlackFideId "4135741"]
[EventDate "2015.05.10"]

1. Nf3 Nf6 2. c4 e6 3. g3 a6 4. Bg2 b5 5. b3 Bb7 6. Bb2 c5 7. O-O Be7 8. d3 O-O
9. Nbd2 Qb6 10. e3 d5 11. Qe2 Nc6 12. Rac1 Rac8 13. Ne5 Nxe5 14. Bxe5 Nd7 15.
Ba1 Bf6 16. Bxf6 Nxf6 17. Rfd1 Rfd8 18. cxd5 Bxd5 19. e4 Ba8 20. Nf3 h6 21. h3
Nd7 22. Qe3 e5 23. h4 Qd6 24. Bh3 Rc7 25. Bxd7 Rdxd7 26. Rd2 f6 27. Qe2 Rd8 28.
Qe3 Bb7 29. Ne1 Bc8 30. Rdc2 Be6 31. Rxc5 Rdc8 32. Rxc7 Rxc7 33. Rxc7 Qxc7 34.
Qd2 Kh7 35. Qc2 Qa5 36. Nf3 Bg4 37. Kg2 h5 38. Nh2 Qe1 39. Nxg4 hxg4 40. a4 b4
41. f3 Qc3 42. Qd1 Qb2+ 43. Kg1 gxf3 44. Qxf3 Qxb3 45. Qh5+ Kg8 46. Qe8+ Kh7 47.
Qh5+ 1/2-1/2

[Event "TCh-RUS Blitz 2015"]
[Site "Sochi RUS"]
[Date "2015.05.10"]
[Round "5.16"]
[White "Palchun, Grigory"]
[Black "Sergeyev, Alexander"]
[Result "0-1"]
[BlackTitle "FM"]
[WhiteElo "2288"]
[BlackElo "2380"]
[WhiteTeam "SDYUSSHOR Hilti (St. Petersburg)"]
[BlackTeam "Yamal (YaNAO)"]
[WhiteFideId "24147338"]
[BlackFideId "13702076"]
[EventDate "2015.05.10"]

1. d4 d5 2. Nf3 c6 3. Bf4 Qb6 4. Qc1 Bf5 5. e3 Nf6 6. Be2 Nbd7 7. O-O e6 8. h3
Be7 9. c4 O-O 10. Nc3 Rac8 11. c5 Qd8 12. b4 Ne4 13. b5 Qa5 14. Nxe4 dxe4 15.
bxc6 exf3 16. cxd7 fxe2 17. dxc8=Q exf1=Q+ 18. Qxf1 Rxc8 19. Qe2 b6 20. e4 Bg6
21. cxb6 Qxb6 22. Rd1 h6 23. d5 exd5 24. exd5 Bd6 25. Be3 Qb7 26. h4 h5 27. Qf3
Qe7 28. Qe2 Qe5 29. g3 Qe4 30. Qa6 Rc7 31. Qxd6 Rb7 32. Qf4 Rb1 33. Bc1 Qe2 34.
Qd4 Be4 35. Qd2 Qxd2 36. Rxd2 Rxc1+ 0-1

[Event "TCh-RUS Blitz 2015"]
[Site "Sochi RUS"]
[Date "2015.05.10"]
[Round "5.18"]
[White "Bocharov, Dmitry"]
[Black "Vastrukhin, Oleg"]
[Result "1/2-1/2"]
[WhiteTitle "GM"]
[WhiteElo "2577"]
[BlackElo "2389"]
[WhiteTeam "Sibir (Novosibirsk)"]
[BlackTeam "Boavista (Moscow)"]
[WhiteFideId "4138716"]
[BlackFideId "4192770"]
[EventDate "2015.05.10"]

1. Nf3 g6 2. e4 Bg7 3. d4 c6 4. Nc3 d5 5. h3 dxe4 6. Nxe4 Nf6 7. Nxf6+ exf6 8.
Bc4 O-O 9. O-O Nd7 10. Re1 Nb6 11. Bb3 a5 12. a4 Nd5 13. c3 Be6 14. Bd2 Re8 15.
Qc1 Qb6 16. Bc2 Rad8 17. Rb1 h5 18. Bh6 Bh8 19. Nd2 Qc7 20. Ne4 b6 21. Bd2 Re7
22. Qd1 Rde8 23. Qf3 f5 24. Ng5 Bc8 25. Rxe7 Rxe7 26. h4 Bg7 27. Bb3 Qd6 28. Nh3
Be6 29. Bg5 f6 30. Bd2 Bf7 31. c4 Nb4 32. Bc3 Re4 33. Rd1 Qc7 34. g3 b5 35. axb5
cxb5 36. d5 bxc4 37. d6 Qd7 38. Bxb4 axb4 39. Ba4 Qxa4 40. d7 Re8 41. dxe8=Q+
Qxe8 42. Nf4 Kh7 43. Ng2 Qe4 44. Qxe4 fxe4 45. Rd7 Kg8 46. Ne3 f5 47. Rb7 b3 48.
Nd1 Bd4 49. Rd7 Bf6 50. Rb7 Kf8 51. Kf1 Bd5 52. Rd7 Be6 53. Rb7 Ke8 54. Ke2 g5
55. hxg5 Bxg5 56. Nc3 h4 57. gxh4 Bxh4 58. f3 exf3+ 59. Kxf3 Bf6 60. Ke3 Bxc3
61. bxc3 Bd5 62. Rb5 Be4 63. Kf4 Kd7 64. Ke5 Kc6 65. Rb4 Bd3 66. Rb8 Kc7 67. Rb4
Kd7 68. Rb7+ Kc6 69. Rb4 Kd7 70. Rb7+ Ke8 71. Ke6 Kf8 72. Kf6 Kg8 73. Kg5 Kf8
74. Kf6 Ke8 75. Ke6 Kd8 76. Ke5 Kc8 77. Rb4 Kd7 78. Rb7+ Kc6 79. Rb4 Kc7 80. Rb5 1/2-1/2

[Event "TCh-RUS Blitz 2015"]
[Site "Sochi RUS"]
[Date "2015.05.10"]
[Round "5.19"]
[White "Pasiev, Rakhim"]
[Black "Kokarev, Dmitry"]
[Result "0-1"]
[WhiteTitle "IM"]
[BlackTitle "GM"]
[WhiteElo "2384"]
[BlackElo "2635"]
[WhiteTeam "Boavista (Moscow)"]
[BlackTeam "Sibir (Novosibirsk)"]
[WhiteFideId "24122475"]
[BlackFideId "4132181"]
[EventDate "2015.05.10"]

1. e4 c5 2. Nf3 d6 3. d4 cxd4 4. Nxd4 Nf6 5. Nc3 a6 6. Be2 e5 7. Nf3 Be7 8. O-O
O-O 9. Re1 b6 10. Bf1 Bb7 11. Nd5 Nxd5 12. exd5 Nd7 13. c4 a5 14. b3 f5 15. a3
Bf6 16. Bb2 g5 17. b4 g4 18. Nd2 Qe7 19. Qb3 Kh8 20. Rac1 Bg7 21. f3 axb4 22.
axb4 Qg5 23. Rcd1 g3 24. h3 Qh4 25. Nb1 Ba6 26. Bc1 Rac8 27. Na3 Bh6 28. Bxh6
Qxh6 29. Qe3 Qxe3+ 30. Rxe3 Rc7 31. Rc3 Rfc8 32. Bd3 Rf8 33. Rdc1 Kg7 34. Kf1
Kf6 35. Ke1 Rfc8 36. Kd2 Nf8 37. Nc2 Bxc4 38. Ne3 b5 39. Bxc4 bxc4 40. Nxc4 Rd8
41. Nb6 Rb7 42. Rc6 Ng6 43. Ke2 Nf4+ 44. Kf1 Kg5 45. Rb1 Rdb8 46. Nc4 Rxb4 47.
Rxb4 Rxb4 48. Nd2 Rb2 49. Ke1 Nxg2+ 50. Kd1 Nf4 0-1

[Event "TCh-RUS Blitz 2015"]
[Site "Sochi RUS"]
[Date "2015.05.10"]
[Round "5.20"]
[White "Maletin, Pavel"]
[Black "Denishev, Marat"]
[Result "1-0"]
[WhiteTitle "GM"]
[WhiteElo "2587"]
[BlackElo "2275"]
[WhiteTeam "Sibir (Novosibirsk)"]
[BlackTeam "Boavista (Moscow)"]
[WhiteFideId "4146786"]
[BlackFideId "24131563"]
[EventDate "2015.05.10"]

1. Nf3 Nf6 2. c4 c5 3. Nc3 Nc6 4. g3 d6 5. Bg2 g6 6. d4 cxd4 7. Nxd4 Qc7 8. O-O
Bg7 9. b3 O-O 10. Bb2 a6 11. Rc1 Nxd4 12. Qxd4 Be6 13. Qd2 Rac8 14. e4 Qb8 15.
a4 Rfd8 16. h3 Qa7 17. Kh2 Qb6 18. Qd1 h5 19. f4 h4 20. g4 Bxc4 21. Rf3 Bxb3 22.
Qd2 d5 23. e5 Ne4 24. Nxe4 Rxc1 25. Bxc1 dxe4 26. Rxb3 Qxb3 27. Qxd8+ Kh7 28.
Qd2 Qg3+ 29. Kh1 e6 30. Qe3 Bf8 1-0

[Event "TCh-RUS Blitz 2015"]
[Site "Sochi RUS"]
[Date "2015.05.10"]
[Round "5.21"]
[White "Yudin, Sergei"]
[Black "Reshetnikov, Alexey"]
[Result "1-0"]
[WhiteTitle "GM"]
[BlackTitle "IM"]
[WhiteElo "2524"]
[BlackElo "2498"]
[WhiteTeam "Polytechnic (Nizhny Tagil)"]
[BlackTeam "Our heritage junior (Moscow)"]
[WhiteFideId "4159659"]
[BlackFideId "4162080"]
[EventDate "2015.05.10"]

1. b3 b6 2. Bb2 Bb7 3. Nf3 e6 4. g3 Nf6 5. Bg2 Be7 6. O-O c5 7. d3 O-O 8. e4 d6
9. Nbd2 a6 10. Re1 b5 11. Ng5 Nfd7 12. Nh3 Nc6 13. f4 Bf6 14. e5 Be7 15. exd6
Bxd6 16. Ng5 Nf6 17. Nde4 Be7 18. Kh1 h6 19. Nf3 Nxe4 20. dxe4 Qc7 21. Qe2 Rfd8
22. c3 Rd7 23. a4 Qb6 24. axb5 axb5 25. Rxa8+ Bxa8 26. f5 exf5 27. exf5 Rd8 28.
h4 Bf6 29. g4 b4 30. g5 hxg5 31. hxg5 Bxc3 32. Bxc3 bxc3 33. g6 Rf8 34. gxf7+
Rxf7 35. Qe8+ Rf8 36. Qe6+ Kh8 37. Re4 Rf6 38. Rh4+ Rh6 39. Qe8+ Kh7 40. Ng5# 1-0

[Event "TCh-RUS Blitz 2015"]
[Site "Sochi RUS"]
[Date "2015.05.10"]
[Round "5.22"]
[White "Vavulin, Maksim"]
[Black "Goganov, Aleksey"]
[Result "1-0"]
[WhiteTitle "IM"]
[BlackTitle "GM"]
[WhiteElo "2442"]
[BlackElo "2609"]
[WhiteTeam "Our heritage junior (Moscow)"]
[BlackTeam "Polytechnic (Nizhny Tagil)"]
[WhiteFideId "4169530"]
[BlackFideId "24109959"]
[EventDate "2015.05.10"]

1. e4 d6 2. d4 Nf6 3. Nc3 e5 4. Nf3 Nbd7 5. Bc4 Be7 6. O-O O-O 7. Re1 c6 8. a4
a5 9. h3 Nb6 10. Bb3 Nfd7 11. Be3 exd4 12. Nxd4 Nc5 13. Qf3 Nxb3 14. cxb3 Nd7
15. Rad1 Ne5 16. Qg3 Be6 17. Qh2 Ng6 18. f4 Bd7 19. g3 f5 20. exf5 Bxf5 21. Qg2
d5 22. g4 Bd7 23. f5 Nh4 24. Qg3 Bf6 25. Kh2 Re8 26. Bf2 g5 27. fxg6 Nxg6 28.
Kh1 Be5 29. Qg2 Qf6 30. Nf3 Nf4 31. Qg3 Bd6 32. Bd4 Qg6 33. Be5 Nd3 34. Bxd6
Nxe1 35. Nxe1 Re6 36. Bf4 Rae8 37. Nf3 Qc2 38. Rd2 Qb1+ 39. Kg2 c5 40. Qf2 Qa1
41. Nxd5 Bc6 42. Kg3 Bxd5 43. Rxd5 Re2 44. Qxc5 Rg2+ 1-0

[Event "TCh-RUS Blitz 2015"]
[Site "Sochi RUS"]
[Date "2015.05.10"]
[Round "5.23"]
[White "Krutko, Anatoly"]
[Black "Savenkov, Konstantin"]
[Result "1-0"]
[WhiteTitle "FM"]
[BlackTitle "FM"]
[WhiteElo "2397"]
[BlackElo "2320"]
[WhiteTeam "Polytechnic (Nizhny Tagil)"]
[BlackTeam "Our heritage junior (Moscow)"]
[WhiteFideId "4185862"]
[BlackFideId "4138600"]
[EventDate "2015.05.10"]

1. b3 Nf6 2. Bb2 d5 3. Nf3 e6 4. c4 Be7 5. e3 O-O 6. Be2 b6 7. O-O Bb7 8. a3 c5
9. Qc2 Nc6 10. d3 Qc7 11. Nc3 a6 12. Rfd1 Rac8 13. Rac1 Rfd8 14. cxd5 exd5 15.
d4 cxd4 16. Nxd4 Nxd4 17. Rxd4 Bc5 18. Rdd1 d4 19. exd4 Bxd4 20. Qf5 Qe7 21. Bf3
Bxf3 22. Qxf3 Qe6 23. Na4 Bxb2 24. Nxb2 Rxc1 25. Rxc1 h6 26. h3 b5 27. b4 Rd2
28. Nd3 Qb3 29. Nc5 Qxf3 30. gxf3 Ra2 31. Rc3 Nd5 32. Rb3 Nf4 33. h4 Nh3+ 34.
Kg2 Nxf2 35. Kg3 g5 36. hxg5 hxg5 37. Nxa6 f5 38. Nc7 f4+ 39. Kg2 Ng4+ 40. Kh3
Nf2+ 41. Kg2 Ng4+ 42. Kg1 Ne3 43. Nxb5 Rg2+ 44. Kh1 Rf2 45. Nd4 Kg7 1-0